| 000 | 00536nam a22001817a 4500 | ||
|---|---|---|---|
| 999 |
_c195722 _d195722 |
||
| 005 | 20230419101146.0 | ||
| 010 | _aENG-136727 | ||
| 020 |
_a9789388805544 _c300.00 |
||
| 035 | _aEN-120259 | ||
| 037 | _bDBAD/PUB | ||
| 082 | _a659.2 | ||
| 100 | _aSatya Suresh | ||
| 245 | 0 | 0 |
_aCases for managerial practices/ _cSatya Suresh, Chandrasekaran and M.Ganesh Babu |
| 250 | _a1st ed. | ||
| 260 |
_aBanglore _bArchers and elevators Publishing house _c2019 |
||
| 300 |
_a190p.; _c29cm(pbk) |
||
| 942 |
_2ddc _cEN _mSAT _h659.2 |
||